Población y salud en Mesoamérica /
Este trabajo tuvo como objetivo describir la situación de los adultos mayores en el área rural de Costa Rica, en algunos aspectos asociados a su bienestar y calidad de vida, como son: la presencia de enfermedades y discapacidades, el estado nutricional, condición mental y estado de ánimo. Se utiliza...
Guardado en:
| Hovedforfatter: | |
|---|---|
| Institution som forfatter: | |
| Format: | Texto |
| Udgivet: |
San José:
Centro Centroamericano de Población. CCP
|
| Fag: | |
| Tags: |
Tilføj Tag
Ingen Tags, Vær først til at tagge denne postø!
|
MARC
| LEADER | 00000 a a2200000 04500 | ||
|---|---|---|---|
| 001 | 32225 | ||
| 003 | |||
| 040 | |||
| 020 | |a 9977-15-132-6 | ||
| 090 | |a 201405 | ||
| 100 | |a Chinchilla Arley, Ricardo | ||
| 110 | |a Universidad de Costa Rica. Centro Centroaméricana de Población | ||
| 245 | |a Población y salud en Mesoamérica / |c Ricardo Chinchilla Arley | ||
| 260 | |a San José: |b Centro Centroamericano de Población. CCP | ||
| 300 | |a 538 p. | ||
| 520 | |a Este trabajo tuvo como objetivo describir la situación de los adultos mayores en el área rural de Costa Rica, en algunos aspectos asociados a su bienestar y calidad de vida, como son: la presencia de enfermedades y discapacidades, el estado nutricional, condición mental y estado de ánimo. Se utilizaron los datos de la Encuesta de adultos mayores realizada en el área rural de Costa Rica a inicios del año 2000 | ||
| 650 | |a ANCIANOS | ||
| 650 | |a CONDICIONES DE VIDA | ||
| 650 | |a CONDICIONES DE SALUD | ||
| 650 | |a POBLACION RURAL | ||
| 650 | |a RESULTADOS DE INVESTIGACION | ||
| 650 | |a CONDICIONES DE SALUD | ||
| 650 | |a ANCIANOS | ||
| 999 | |c 16099 |d 16099 | ||



